Responses for show #6802 - Tuesday, March 25, 2014

Contestants

[<< previous game]

Nathan Chadwick, a public librarian from Germantown, Maryland

Matt Prasse, an attorney from Needham, Massachusetts

Nancy Akerman, a science policy fellow from Arlington, Virginia (whose 1-day cash winnings total $2,799)

[next game >>]

Jeopardy! Round responses

GIVE ME A SIGN
ALL ALLITERATION
IT'S AT THE SMITHSONIAN
20th CENTURY PEOPLE
POULTRY IN MOTION
IT'S WHERE I WANT TO "B"
    $200 22
(Alex: Yeah, and Nathan didn't get in quickly enough on that one. I'm surprised.)

a library

Matt
    $200 2
(Matt: What is your faithful father?)

your father figure

Matt
Triple Stumper
    $200 1
Dorothy's red shoes (or the slippers)

Matt
    $200 6
(Matt: Who is--uh--Kate B--Da--[the time expiry signal sounds] Lady Diana?)
...
(Alex: [*], and you didn't get it in in time, Matt, sorry.)

Princess Diana

MattNathan
    $200 16
Mother Goose

Nancy
    $200 11
Beijing

Matt
    $400 23
Tokyo

Matt
    $400 3
peer pressure

Matt
    $400 5
(Nathan: What is a--stun gun?)
(Nancy: What is a lightsaber?)

a phaser

NancyNathan
Triple Stumper
    $400 7
Martin Luther King, Jr.

Matt
    $400 17
the swan

Nancy
    $400 12
Boise

Nancy
    $600 24
do not enter

Nathan
    $600 4
Sunday school

Nathan
    $600 19
crash test dummies

Nancy
    $600 10
Kim Jong-il

Matt
    $600 18
Doctor Dolittle

Nathan
    $600 13
(Nancy: What is Belarush?)
[Originally accepted as correct; reversed after the first break.]

Belarus

Nancy
Triple Stumper
    $800 25
a warthog

Nancy
    $800 20
Howdy Doody

Nathan
    $800 8
Marc Chagall

Triple Stumper
    $1,000 27
(Nathan: What is a rat?)

an alarm clock

Nathan
    $800 14
Bhutan

Matt
    $1000 26
(Alex: Good, with less than a minute to go.)

Kurt Cobain

Nathan
    $1000 21
Catwoman

Nathan
    $1000 9
Golda Meir

Matt
    $1000 28
[The end-of-round signal sounds.]

Howard the Duck

Triple Stumper
    $1000 15
Bethesda

Nancy

Scores at the first commercial break (after clue 14):

Nancy Matt Nathan
-$600 $3,200 $400

Scores at the end of the Jeopardy! Round:

Nancy Matt Nathan
$2,400 $3,800 $3,400

Double Jeopardy! Round responses

MOVIE SOURCE MATERIAL
EUROPEAN LANGUAGES
11-LETTER WORDS
HISTORICAL TITLES
CON MEN
"SNOW" JOB
    $400 6
Julian Assange

Nathan
    $400 1
Greece

Matt
    $400 23
billionaire

Matt
    $400 19
Kaiser

Nancy
    $400 12
Bernie Madoff

Nathan
    $400 11
(Matt: Whose fleece--what is "whose fleece was white as snow"?)
(Nathan: What is "whose fleece is as white as snow"?)
[Both originally ruled incorrect, but Matt's response was accepted at the Daily Double at clue 16, causing Nathan's to be effectively nonexistent.]

its fleece was white as snow

Matt
    $2,200 7
Goodfellas

Nathan
    $800 2
(Alex: That would be [*], between Spain and France.)

the Pyrenees

Triple Stumper
    $800 20
(Alex: Less than a minute to go.)

Secretary-General (of the UN)

Matt
    $800 13
(Nancy: What is a cup?)
(Matt: What is Three Card Monte?)
...
(Alex: "What is [*]?" [*] game.)

the shell

NancyMatt
Triple Stumper
    $800 15
(Nancy: What is the snow hare?)
(Matt: What is the snow leopard?)
(Nathan: What is the snow rabbit?)

the snowshoe hare

NancyMattNathan
Triple Stumper
    $1200 8
Full Metal Jacket

Matt
    $1200 3
Switzerland

Matt
    $1200 21
Governor

Triple Stumper
    $1200 14
the Eiffel Tower

Nancy
    $2,000 16
(Nancy: What is "Walking Through Woods on a Snowy Evening"?)

"Stopping by Woods on a Snowy Evening"

Nancy
    $1600 9
(Matt: What is Much Ado About Nothing?)

Taming of the Shrew

MattNathan
    $1600 4
(Nathan: What is Milan?)

Tuscany

Nathan
Triple Stumper
    $1600 22
Archbishop of Canterbury

Nancy
    $1600 17
(Matt: Uh, who is, uh, Olympia Snowdon?)

Olympia Snowe

NancyMatt
    $2000 10
Total Recall

Triple Stumper
    $2000 5
(Matt: What is Finland?)
(Alex: Yes, that's right. No, we won't accept that.)

Finnish

NancyMatt
    $2000 24
Attorney-General

Triple Stumper
    $2000 25
[The end-of-round signal sounds.]

a boilerroom scam

Triple Stumper
    $2000 18
(Alex: [Chuckling] That--now is the time for [*], yes.)

Snowdon

Nancy

Scores at the end of the Double Jeopardy! Round:

Nancy Matt Nathan
$7,600 $1,400 $5,600

[wagering suggestions for these scores]

Final Jeopardy! Round responses

MEDICAL ETYMOLOGY
MattWhat is adrenaline?
$1,400
NathanWhat is adreneline?
$1,999
NancyWhat is insulin?
$3,601
insulin

Final scores:

Nancy Matt Nathan
$11,201 $0 $3,601
2-day champion: $14,000 3rd place: $1,000 2nd place: $2,000

Game dynamics:

Coryat scores:

Nancy Matt Nathan
$9,600 $1,400 $5,200
12 R,
5 W
(including 1 DD)
15 R,
7 W
11 R
(including 1 DD),
4 W
(including 1 DD)

Combined Coryat: $16,200

The J! Archive is created by fans, for fans. The Jeopardy! game show and all elements thereof, including but not limited to copyright and trademark thereto, are the property of Jeopardy Productions, Inc. and are protected under law. This website is not affiliated with, sponsored by, or operated by Jeopardy Productions, Inc. Join the discussion at JBoard.tv.